All Morning Musume Members - Statistics

General Stats
  • This quiz has been taken 53 times
  • The average score is 38 of 47
Answer Stats
Generation Member Color Name % Correct
6期 Pink Michishige Sayumi
100%
3期 None Goto Maki
94%
1期 None Abe Natsumi
89%
6期 Red Fujimoto Miki
89%
1期 None Iida Kaori
89%
8期 Blue Junjun
89%
4期 None Kago Ai
89%
8期 Emerald Green Linlin
89%
1期 None Nakazawa Yuko
89%
11期 * Lavender Oda Sakura
89%
5期 Yellow Takahashi Ai
89%
6期 Light Blue Tanaka Reina
89%
2期 Light Purple Yaguchi Mari
89%
2期 None Yasuda Kei
89%
4期 Purple Yoshizawa Hitomi
89%
9期 Hot Pink Fukumura Mizuki
83%
2期 None Ichii Sayaka
83%
4期 Hot Pink Ishikawa Rika
83%
6期 Orange Kamei Eri
83%
7期 Red Kusumi Koharu
83%
8期 Light Purple Mitsui Aika
83%
12期 * Purple Nonaka Miki
83%
5期 Blue Ogawa Makoto
83%
4期 None Tsuji Nozomi
83%
13期 * Golden Yellow Yokoyama Reina
83%
1期 None Fukuda Asuka
78%
10期 Royal Blue Ishida Ayumi
78%
1期 None Ishiguro Aya
78%
15期 * Sea Blue Kitagawa Rio
78%
5期 Pink Konno Asami
78%
5期 Yellow-Green Niigaki Risa
78%
16期 * Milk Tea Sakurai Rio
78%
9期 Red Sayashi Riho
78%
9期 Green Suzuki Kanon
78%
15期 * Bright Green Yamazaki Mei
78%
10期 Honey Iikubo Haruna
72%
9期 * Yellow-Green Ikuta Erina
72%
12期 * Pink Makino Maria
72%
12期 Sea Blue Ogata Haruna
72%
10期 Emerald Green Sato Masaki
72%
12期 * Orange Haga Akane
67%
17期 * Mint Green Inoue Haruka
67%
10期 Orange Kudo Haruka
67%
17期 * Pure Red Yumigeta Ako
67%
13期 Italian Red Kaga Kaede
61%
14期 White Morito Chisaki
61%
15期 * Daisy Okamura Homare
61%
No matching quizzes found
Score Distribution
Percent of People with Each Score
Percentile by Number Answered
Your Score History
You have not taken this quiz